000 00823na a2200265 4500
001 20298
003 MIRAKIL
005 20181213154908.0
008 170117b tu 000 0
040 _aMilas
_btur
_cTR-AnCHP
041 _atur
082 _a365.4509561
_bÇ24l 1986
090 _a365.4509561 Ç24l 1986
100 _aÇalışlar, Oral
245 _aLiderler hapishanesi
_cOral Çalışlar
260 _aİstanbul
_bKaynak Yayınları
_c1986
300 _a256 s.
_c20 sm.
490 _aKaynak Yayınları
_v71
504 _aKaynakça var.
600 _aTürkeş, Alparslan
_d1917-1997
_xCezaevi anıları
600 _aErbakan, Necmettin
_d1926-2011
_xCezaevi anıları
600 _aEcevit, Bülent
_d1925-2006
_xCezaevi anıları
650 _aSiyasi suçlular
_xLiderler
_zTürkiye
942 _2ddc
_cBKS
999 _c2748
_d2748